000 00693nam a22002177a 4500
999 _c20779
_d20779
003 AR-CdUCM
008 190402b ||||| |||| 00| 0 spa d
040 _aMUNICIPALIDAD PROVINCIAL DEL CUSCO
_cBIBLIOTECA MUNICIPAL DEL CUSCO
082 _a748.14 /
_bL16
100 _aLago, Tomás
_943394
245 _aOrtiz de Zarate, Julio /
260 _aChile :
_bUniversitaria,
_c1956.
300 _a18 páginas ;
_bIlustraciones, pinturas en óleo,
_c25 cm.
440 _aColección artistas chilenos
_n10
_943395
505 _aContenidos : Biografía.
650 _aBiografía
_922
650 _aObras
_96865
650 _aReproducciones artísticas
_943396
942 _2ddc
_cLIBROS
945 _arcc